[Event "South Island Championships"]
[Site "Dunedin NZL"]
[Date "2012.10.12"]
[Round "6.4"]
[White "Rains, Edward"]
[Black "Dowden, R. Anthony"]
[Result "0-1"]
[WhiteElo "1881"]
[BlackElo "2107"]
[PlyCount "112"]
[EventDate "2012.10.14"]

1. e4 e6 2. d4 d5 3. Nc3 Bb4 4. e5 c5 5. Bd2 Nh6 6. Nb5 Bxd2+ 7. Qxd2 O-O 8. f4
cxd4 9. Nxd4 f6 10. Ngf3 Nc6 11. O-O-O fxe5 12. fxe5 Nxd4 13. Qxd4 Bd7 14. Bd3
Qa5 15. Kb1 Rac8 16. h4 Nf5 17. Bxf5 Rxf5 18. Ng5 Rc4 19. Qd3 Qc7 20. a3 Qxe5
21. Rhe1 Qf6 22. Rf1 Rd4 23. Qxd4 Qxd4 24. Rxd4 Rxf1+ 25. Ka2 h6 26. Nf3 Rf2
27. Rd2 Rxd2 28. Nxd2 Kf7 29. Kb3 e5 30. Kc3 Kf6 31. Kd3 Bf5+ 32. Kc3 Ke6 33.
Nf3 d4+ 34. Kd2 Kd5 35. c3 Be4 36. Ne1 g5 37. hxg5 hxg5 38. g3 Kc4 39. cxd4
Kxd4 40. Ke2 g4 41. Kd2 a5 42. Ke2 a4 43. Kd2 b6 44. Ke2 Kc4 45. Ke3 Bf5 46.
Kd2 Kb3 47. Kc1 Be4 48. Kd2 Kxb2 49. Ke3 Bf5 50. Kd2 b5 51. Ng2 Kxa3 52. Ne3
Be6 53. Kc3 b4+ 54. Kc2 Ka2 55. Ng2 Bf5+ 56. Kc1 b3 0-1

[Event "South Island Championships"]
[Site "Dunedin NZL"]
[Date "2012.10.12"]
[Round "6.5"]
[White "Nijman, Arie J"]
[Black "Koop, Thorben"]
[Result "0-1"]
[WhiteElo "1820"]
[BlackElo "2165"]
[PlyCount "47"]
[EventDate "2012.10.14"]

1. e4 c5 2. c3 d5 3. exd5 Qxd5 4. d4 Nc6 5. Nf3 Bf5 6. Be2 cxd4 7. cxd4 Bxb1 8.
Rxb1 Qxa2 9. Qc2 e6 10. O-O Nf6 11. Bd2 Qd5 12. b4 Bd6 13. Bc4 Qh5 14. h3 O-O
15. Rfe1 Rac8 16. Qb3 Rfd8 17. b5 Ne7 18. Ng5 Nfd5 19. Bd3 h6 20. Be2 Qg6 21.
Bd3 Nf5 22. Nf3 Bf4 23. Bxf4 Nxf4 24. Bxf5 0-1

[Event "South Island Championships"]
[Site "Dunedin NZL"]
[Date "2012.10.12"]
[Round "6.6"]
[White "Lyall, Simon"]
[Black "Fraemohs, Peter"]
[Result "0-1"]
[WhiteElo "1777"]
[BlackElo "1967"]
[PlyCount "64"]
[EventDate "2012.10.14"]

1. e4 e5 2. Nf3 Nc6 3. d4 exd4 4. Nxd4 Nxd4 5. Qxd4 d6 6. Bc4 Nf6 7. Nc3 Be7 8.
O-O O-O 9. f4 c6 10. b3 Qa5 11. Bb2 d5 12. Qe5 Qc5+ 13. Kh1 dxc4 14. bxc4 Qxe5
15. fxe5 Ng4 16. Ne2 Ne3 17. Rf3 Nxc4 18. Bc3 Bg4 19. Rf2 Bxe2 20. Rxe2 Rad8
21. Rb1 Rd7 22. g3 Rfd8 23. Kg2 Na3 24. Rb3 Nb5 25. Bb2 b6 26. Rf3 Nd4 27. Bxd4
Rxd4 28. Ref2 f6 29. exf6 Bxf6 30. e5 Bxe5 31. Rf7 Bf6 32. Rxa7 Rd2 0-1

[Event "South Island Championships"]
[Site "Dunedin NZL"]
[Date "2012.10.12"]
[Round "6.7"]
[White "Johnson, Quentin J F"]
[Black "Gold, Hamish R"]
[Result "1-0"]
[WhiteElo "2102"]
[BlackElo "1816"]
[PlyCount "67"]
[EventDate "2012.10.14"]

1. d4 Nf6 2. c4 g6 3. g3 Bg7 4. Bg2 O-O 5. Nc3 d6 6. Nf3 Nfd7 7. O-O e5 8. d5
a5 9. e4 Nc5 10. b3 h6 11. Nh4 Kh7 12. Qc2 Nbd7 13. Bb2 Nf6 14. a3 a4 15. b4
Nb3 16. Rad1 Nd4 17. Rxd4 exd4 18. Nb5 Bd7 19. Nxd4 Qc8 20. f4 Bh3 21. f5 Bxg2
22. fxg6+ fxg6 23. Nxg2 Ng4 24. Rxf8 Bxd4+ 25. Bxd4 Qxf8 26. Nf4 Ne5 27. Bxe5
dxe5 28. Ne6 Qf3 29. Qf2 Qxf2+ 30. Kxf2 Rc8 31. c5 Kg8 32. d6 cxd6 33. cxd6
Rc2+ 34. Ke1 {Black resigns prematurely.} 1-0

[Event "South Island Championships"]
[Site "Dunedin NZL"]
[Date "2012.10.12"]
[Round "6.8"]
[White "Gloistein, Bruce"]
[Black "Dolejs, Dan"]
[Result "0-1"]
[WhiteElo "1690"]
[BlackElo "1878"]
[PlyCount "70"]
[EventDate "2012.10.14"]

1. e4 d5 2. exd5 Nf6 3. d3 Nxd5 4. Be2 e5 5. Bf3 c5 6. g3 Be7 7. Bg2 Nc6 8. Ne2
Bg4 9. f3 Bf5 10. O-O Qb6 11. Kh1 c4 12. f4 cxd3 13. cxd3 Ndb4 14. fxe5 Bxd3
15. Nbc3 Rd8 16. Qb3 O-O 17. Bf4 Qa6 18. Bf3 Nd4 19. Nxd4 Bxf1 20. Nf5 Bc5 21.
Ne4 Rd3 22. Nxc5 Rxb3 23. Nxa6 Rxf3 24. Nxb4 Rd8 25. Ne3 Be2 26. Re1 Rd2 27.
Nbd5 Rxb2 28. Rc1 h6 29. Bxh6 gxh6 30. Nf6+ Kg7 31. Rc8 Rxf6 32. exf6+ Kxf6 33.
Nd5+ Ke6 34. Nf4+ Kd7 35. Rf8 Ke7 0-1

[Event "South Island Championships"]
[Site "Dunedin NZL"]
[Date "2012.10.12"]
[Round "6.9"]
[White "Aimers, Geoffrey"]
[Black "Nicholls, Leighton"]
[Result "1/2-1/2"]
[WhiteElo "1876"]
[BlackElo "1686"]
[PlyCount "38"]
[EventDate "2012.10.14"]

1. d4 d5 2. Nf3 Nf6 3. g3 e6 4. Bg2 c5 5. e3 Be7 6. O-O O-O 7. b3 b6 8. Bb2
Nbd7 9. Ne5 Bb7 10. c4 Qc7 11. Nc3 a6 12. cxd5 Nxd5 13. Nxd5 exd5 14. Rc1 Nxe5
15. dxe5 Rfd8 16. Qg4 g6 17. Rfd1 Qd7 18. Qxd7 Rxd7 19. Bh3 Rdd8 1/2-1/2

[Event "South Island Championships"]
[Site "Dunedin NZL"]
[Date "2012.10.12"]
[Round "6.10"]
[White "Duffield, Terence"]
[Black "Brockway, Andrew"]
[Result "1/2-1/2"]
[WhiteElo "1668"]
[BlackElo "1798"]
[PlyCount "109"]
[EventDate "2012.10.14"]

1. g4 c5 2. Bg2 Nc6 3. d3 g6 4. Nf3 Bg7 5. c3 d6 6. h3 Nf6 7. e4 e5 8. Be3 O-O
9. Qd2 Qe7 10. Na3 Rb8 11. Nc2 b5 12. a3 Na5 13. Rb1 Nb3 14. Qd1 a5 15. Nd2 Be6
16. O-O Nxd2 17. Qxd2 Bb3 18. Bf3 Bxc2 19. Qxc2 Nd7 20. g5 f5 21. gxf6 Qxf6 22.
Bg2 g5 23. f3 Qg6 24. Rf2 Nf6 25. Qb3+ Kh8 26. Qe6 Rbd8 27. Qe7 Rd7 28. Qe6 Re8
29. Qb3 Rb7 30. Rd1 a4 31. Qc2 Nh5 32. Bf1 Nf4 33. Bxf4 exf4 34. Rdd2 h6 35.
Qd1 Kg8 36. Rh2 Kf7 37. Rdg2 Rbb8 38. h4 Rh8 39. hxg5 hxg5 40. Qd2 Rxh2 41.
Rxh2 Rh8 42. Rxh8 Bxh8 43. Bh3 Qh6 44. Qg2 Qh4 45. Kh2 b4 46. axb4 cxb4 47.
cxb4 Bxb2 48. b5 Qg3+ 49. Qxg3 fxg3+ 50. Kxg3 Bd4 51. b6 Bxb6 52. Bd7 a3 53.
Bc6 a2 54. Bd5+ Kf6 55. Bxa2 1/2-1/2

[Event "South Island Championships"]
[Site "Dunedin NZL"]
[Date "2012.10.12"]
[Round "6.11"]
[White "Milligan, Helen"]
[Black "Cooper, Nigel"]
[Result "1-0"]
[WhiteElo "1969"]
[BlackElo "1761"]
[PlyCount "73"]
[EventDate "2012.10.14"]

1. e4 e5 2. Nf3 Nc6 3. Bb5 Bc5 4. c3 f5 5. d4 fxe4 6. dxc5 exf3 7. Qxf3 Nf6 8.
O-O O-O 9. Bg5 d5 10. cxd6 Qxd6 11. Qd3 Rd8 12. Qxd6 Rxd6 13. Na3 a6 14. Bc4+
Be6 15. Rad1 Rad8 16. Bxe6+ Rxe6 17. Rxd8+ Nxd8 18. Rd1 Rd6 19. Rxd6 cxd6 20.
Nc4 Nf7 21. Be3 Kf8 22. Kf1 Ke7 23. Na5 b5 24. Nc6+ Kd7 25. Nb8+ Kc8 26. Nxa6
Nd5 27. a3 Kb7 28. Nb4 Nxb4 29. axb4 Kc6 30. Ke2 Kd5 31. b3 e4 32. f3 Ne5 33.
Bd4 exf3+ 34. gxf3 g6 35. Ke3 h6 36. Bxe5 dxe5 37. Kd3 1-0

[Event "South Island Championships"]
[Site "Dunedin NZL"]
[Date "2012.10.12"]
[Round "6.12"]
[White "Stevenson, Michael"]
[Black "Roberts, Michael H"]
[Result "0-1"]
[WhiteElo "1503"]
[BlackElo "1836"]
[PlyCount "104"]
[EventDate "2012.10.14"]

1. e4 c5 2. Nf3 Nc6 3. Bb5 a6 4. Bxc6 bxc6 5. O-O d6 6. d3 g6 7. Nc3 Bg7 8. Qd2
Nf6 9. b3 Rb8 10. Rb1 O-O 11. Bb2 Bg4 12. Qe2 Nd7 13. Nd1 Ne5 14. Bxe5 Bxe5 15.
Ne3 Bxf3 16. Qxf3 Qd7 17. Qg4 Qxg4 18. Nxg4 Bg7 19. Ne3 e6 20. Nc4 d5 21. exd5
exd5 22. Ne3 Rfe8 23. Rfe1 Bc3 24. Rf1 Ba5 25. Ng4 Kg7 26. Ne3 f5 27. c4 d4 28.
Nc2 Re2 29. Ne1 Rbe8 30. Nf3 Kf6 31. a3 Bc3 32. Rfc1 g5 33. b4 g4 34. Nh4 Be1
35. g3 Bxf2+ 36. Kf1 Ra2 37. bxc5 Be3 38. Rd1 Rxa3 39. Rb6 Re6 40. Ng2 Ra2 41.
Rb7 Rf2+ 42. Kg1 Rb2+ 43. Nxe3 Rxb7 44. Nc2 Rd7 45. Ra1 Kg5 46. Rf1 a5 47. Rf4
a4 48. Nxd4 Rxd4 49. Rxd4 a3 50. Rf4 a2 51. Rf1 Re2 52. Rd1 Rb2 0-1

[Event "South Island Championships"]
[Site "Dunedin NZL"]
[Date "2012.10.12"]
[Round "6.13"]
[White "Smith, Vivian J"]
[Black "Jackson, L. Ross"]
[Result "0-1"]
[WhiteElo "1737"]
[BlackElo "1974"]
[PlyCount "21"]
[EventDate "2012.10.14"]

1. e4 d6 2. d4 g6 3. Nc3 Bg7 4. Nf3 e6 5. Be2 Ne7 6. O-O Nd7 7. Be3 b6 8. Qd2
h6 9. h3 Bb7 10. Rad1 a6 11. b4 {(incomplete score)} 0-1

[Event "South Island Championships"]
[Site "Dunedin NZL"]
[Date "2012.10.12"]
[Round "6.14"]
[White "Clarkson, Robert D"]
[Black "Black, Ross"]
[Result "0-1"]
[WhiteElo "1573"]
[BlackElo "1821"]
[PlyCount "86"]
[EventDate "2012.10.14"]

1. d4 d5 2. Nf3 Nf6 3. e3 g6 4. Bd3 Bg7 5. b3 O-O 6. Nbd2 Nbd7 7. O-O Re8 8.
Bb2 c6 9. Rc1 c5 10. c4 b6 11. cxd5 Nxd5 12. Bc4 Bb7 13. Re1 Rc8 14. Ng5 e6 15.
Nge4 N7f6 16. f3 Nxe4 17. Nxe4 Nf6 18. Nxf6+ Bxf6 19. Rc2 cxd4 20. Rd2 e5 21.
exd4 exd4 22. Rxe8+ Qxe8 23. Re2 Qd7 24. Qd3 Bc6 25. Qd2 Bg7 26. Qd3 b5 27.
Bxf7+ Kxf7 28. Kf2 Re8 29. Rxe8 Kxe8 30. Qe2+ Kf7 31. Qd3 Qd5 32. Qd2 Qe5 33.
Qc2 Bd7 34. b4 Qe3+ 35. Kf1 d3 36. Bc1 dxc2 37. Bxe3 Be6 38. a3 a6 39. g4 Bb3
40. Ke2 Bb2 41. Kd3 Ba4 42. Bd2 c1=Q 43. Bxc1 Bxc1 0-1

[Event "South Island Championships"]
[Site "Dunedin NZL"]
[Date "2012.10.12"]
[Round "6.15"]
[White "Clayton, Ben"]
[Black "Van Rooyen, Carlssen"]
[Result "1/2-1/2"]
[WhiteElo "1329"]
[BlackElo "1180"]
[PlyCount "69"]
[EventDate "2012.10.14"]

1. d4 d5 2. c4 c6 3. Nc3 Nf6 4. e3 Bf5 5. Bd3 Bxd3 6. Qxd3 e6 7. Nf3 Nbd7 8.
O-O Bd6 9. e4 dxe4 10. Nxe4 Nxe4 11. Qxe4 h6 12. Bf4 Bxf4 13. Qxf4 Qf6 14. Qxf6
Nxf6 15. Ne5 O-O 16. Rab1 Rfd8 17. Rfd1 Nd7 18. Nxd7 Rxd7 19. b4 a6 20. Rb3 Rc8
21. a3 b5 22. c5 f6 23. Re1 Kf7 24. Rbe3 Re7 25. Ra1 Ra8 26. a4 bxa4 27. Rxa4
Rea7 28. Rea3 Ke7 29. Rg3 g5 30. h4 Kf7 31. hxg5 hxg5 32. Rh3 Kg7 33. g3 Kg6
34. g4 Kg7 35. Kg2 1/2-1/2

[Event "South Island Championships"]
[Site "Dunedin NZL"]
[Date "2012.10.13"]
[Round "7.1"]
[White "Chan, Peng Kong"]
[Black "Johansen, Darryl K"]
[Result "1/2-1/2"]
[WhiteElo "2245"]
[BlackElo "2446"]
[PlyCount "25"]
[EventDate "2012.10.14"]

1. d4 Nf6 2. c4 e6 3. Nc3 Bb4 4. Qc2 c5 5. dxc5 Bxc5 6. Nf3 Qb6 7. e3 Qc7 8.
Be2 a6 9. O-O Be7 10. Rd1 d6 11. b3 O-O 12. Bb2 Nbd7 13. Rac1 1/2-1/2

[Event "South Island Championships"]
[Site "Dunedin NZL"]
[Date "2012.10.13"]
[Round "7.2"]
[White "Lane, Gary W"]
[Black "Wansink, Robert"]
[Result "1-0"]
[WhiteElo "2391"]
[BlackElo "2244"]
[PlyCount "103"]
[EventDate "2012.10.14"]

1. e4 c6 2. d4 d5 3. e5 Bf5 4. h4 h5 5. c4 dxc4 6. Bxc4 e6 7. Nc3 Ne7 8. Bg5
Qb6 9. Qd2 Qb4 10. Bb3 a5 11. Nge2 a4 12. Bd1 a3 13. b3 Nd5 14. Rc1 Nxc3 15.
Nxc3 Nd7 16. O-O Nb6 17. Qf4 Qa5 18. Bc2 Bxc2 19. Rxc2 Nd5 20. Qg3 Nxc3 21.
Rxc3 Qd5 22. Qf4 Bb4 23. Rf3 Rf8 24. Rc1 b5 25. Qe3 Ra7 26. Qd3 Rh8 27. Rg3 Kf8
28. Rf3 Ke8 29. Rg3 Kf8 30. Qc2 Ra6 31. Bd2 Be7 32. Rc3 Qxd4 33. Be3 Qxe5 34.
Rxc6 Rxc6 35. Qxc6 g6 36. Qd7 Bf6 37. Rc7 Qa1+ 38. Bc1 Rh7 39. Rc8+ Kg7 40. Qe8
Bc3 41. Qf8+ Kf6 42. Qd8+ Kg7 43. Qg8+ Kf6 44. Rxc3 Qxc3 45. Bg5+ Kf5 46. Qxh7
f6 47. Be3 Qa1+ 48. Kh2 Qxa2 49. Qc7 g5 50. hxg5 fxg5 51. Bd4 Qxb3 52. f3 1-0

[Event "South Island Championships"]
[Site "Dunedin NZL"]
[Date "2012.10.13"]
[Round "7.3"]
[White "Dowden, R. Anthony"]
[Black "Smith, Robert W"]
[Result "1/2-1/2"]
[WhiteElo "2102"]
[BlackElo "2214"]
[PlyCount "35"]
[EventDate "2012.10.14"]

1. c4 Nf6 2. Nc3 g6 3. g3 Bg7 4. Bg2 d6 5. d3 O-O 6. Bg5 h6 7. Bd2 e5 8. e4 a5
9. Nge2 Nbd7 10. h3 Nc5 11. Be3 Be6 12. O-O Nfd7 13. b3 f5 14. d4 Nxe4 15. Nxe4
fxe4 16. d5 Bf7 17. Nc3 Nf6 18. Nxe4 1/2-1/2

[Event "South Island Championships"]
[Site "Dunedin NZL"]
[Date "2012.10.13"]
[Round "7.4"]
[White "Fraemohs, Peter"]
[Black "Koop, Thorben"]
[Result "1/2-1/2"]
[WhiteElo "1967"]
[BlackElo "2165"]
[PlyCount "80"]
[EventDate "2012.10.14"]

1. d4 Nf6 2. Bg5 g6 3. Bxf6 exf6 4. c4 Bg7 5. Nc3 O-O 6. g3 f5 7. Bg2 d6 8. e3
Nd7 9. Nge2 Nf6 10. O-O Re8 11. Qc2 Qe7 12. Nd5 Qd8 13. Nxf6+ Qxf6 14. Rad1 c6
15. Nf4 Bd7 16. Nd3 g5 17. c5 Rad8 18. cxd6 Qxd6 19. Nc5 Bc8 20. Rfe1 Qf6 21.
Nd3 Qe6 22. b3 Qd6 23. Qc5 Qxc5 24. Nxc5 f4 25. Nd3 Bg4 26. gxf4 Bxd1 27. Rxd1
Bxd4 28. exd4 Rxd4 29. fxg5 Red8 30. Bf1 R8d5 31. f3 Rxg5+ 32. Kf2 Ra5 33. Rd2
Rh5 34. Ke3 Rd6 35. h3 Re6+ 36. Kf2 Rd5 37. Re2 Rxe2+ 38. Bxe2 Ra5 39. a4 Rd5
40. Ke3 Rg5 1/2-1/2

[Event "South Island Championships"]
[Site "Dunedin NZL"]
[Date "2012.10.13"]
[Round "7.5"]
[White "Lukey, Stephen G"]
[Black "Johnson, Quentin J F"]
[Result "1-0"]
[WhiteElo "2236"]
[BlackElo "2102"]
[PlyCount "67"]
[EventDate "2012.10.14"]

1. d4 Nf6 2. c4 e6 3. Nf3 c5 4. d5 exd5 5. cxd5 d6 6. Nc3 g6 7. e4 Bg7 8. h3
O-O 9. Bd3 Re8 10. O-O c4 11. Bc2 b5 12. Re1 a6 13. a3 Nfd7 14. Bg5 Qb6 15. Qd2
Nc5 16. Rad1 Nbd7 17. Bh6 Bh8 18. Be3 a5 19. Bd4 f6 20. h4 b4 21. Na4 Qb5 22.
Nxc5 Nxc5 23. h5 Bg4 24. Qf4 Bxf3 25. Qxf3 Nd7 26. Qg3 Ne5 27. hxg6 Nxg6 28.
Qxd6 Ra6 29. Qg3 f5 30. Bxh8 Kxh8 31. exf5 Nf8 32. d6 Ra7 33. f6 Rf7 34. Re7
1-0

[Event "South Island Championships"]
[Site "Dunedin NZL"]
[Date "2012.10.13"]
[Round "7.6"]
[White "Dolejs, Dan"]
[Black "Milligan, Helen"]
[Result "0-1"]
[WhiteElo "1878"]
[BlackElo "1969"]
[PlyCount "64"]
[EventDate "2012.10.14"]

1. d4 Nf6 2. e3 g6 3. c4 d6 4. Bd3 Bg7 5. Nc3 Nbd7 6. Qc2 e5 7. Nge2 O-O 8. h4
h5 9. e4 exd4 10. Nxd4 Nc5 11. Bg5 Nxd3+ 12. Qxd3 c6 13. f3 Qb6 14. O-O-O Nd7
15. Be7 Ne5 16. Qe2 Re8 17. Bxd6 Be6 18. Nxe6 Rxe6 19. f4 Ng4 20. e5 Qe3+ 21.
Rd2 Qxf4 22. Rf1 Qe3 23. Rf3 Qxe2 24. Rxe2 Nxe5 25. Bxe5 Rxe5 26. Rxe5 Bxe5 27.
Ne4 Rd8 28. b3 Rd4 29. Ng5 Bf4+ 30. Kb2 Rd2+ 31. Kc3 Bxg5 32. hxg5 Rxg2 0-1

[Event "South Island Championships"]
[Site "Dunedin NZL"]
[Date "2012.10.13"]
[Round "7.7"]
[White "Nicholls, Leighton"]
[Black "Rains, Edward"]
[Result "0-1"]
[WhiteElo "1686"]
[BlackElo "1881"]
[PlyCount "121"]
[EventDate "2012.10.14"]

1. d4 Nf6 2. c4 g6 3. Nc3 Bg7 4. e4 d6 5. Nf3 O-O 6. Be2 Nbd7 7. O-O c5 8. d5
Nb6 9. Bg5 h6 10. Bxf6 Bxf6 11. Qd2 Kh7 12. b3 a6 13. a4 Qc7 14. Ne1 Bd4 15.
Nc2 Bg7 16. f3 Nd7 17. Rae1 Qa5 18. Nb1 Qb6 19. Qe3 Nb8 20. Kh1 e6 21. Nd2 e5
22. Bd1 Nd7 23. Rf2 Nf6 24. Ref1 g5 25. g4 Qd8 26. h3 Ng8 27. Kg2 Ne7 28. Kh1
Ng6 29. Kh2 Rh8 30. Rh1 Nf4 31. Kg1 Kg6 32. Rfh2 Bf6 33. Nb1 Bd7 34. Nca3 Rh7
35. Qd2 Qb6 36. Bc2 Rah8 37. Bd1 Qd8 38. Qc2 Qc7 39. Qd2 Rb8 40. Qe3 b5 41.
axb5 axb5 42. cxb5 Bxb5 43. Nxb5 Rxb5 44. Nc3 Rb4 45. Rd2 Rh8 46. Ne2 Ra8 47.
Bc2 Ra1+ 48. Rd1 Ra2 49. Rd2 Qb6 50. Kh2 Qa6 51. Nc3 Ra1 52. Rxa1 Qxa1 53. Rd1
Qb2 54. Rd2 Bd8 55. Na4 Qc1 56. Qc3 Qf1 57. Qe3 Rd4 58. Bd1 Qxh3+ 59. Kg1 Qg3+
60. Kh1 Ba5 61. Qg1 0-1

[Event "South Island Championships"]
[Site "Dunedin NZL"]
[Date "2012.10.13"]
[Round "7.8"]
[White "Lyall, Simon"]
[Black "Aimers, Geoffrey"]
[Result "1/2-1/2"]
[WhiteElo "1777"]
[BlackElo "1876"]
[PlyCount "49"]
[EventDate "2012.10.14"]

1. e4 c6 2. Nc3 d5 3. Nf3 dxe4 4. Nxe4 Bf5 5. Ng3 Bg6 6. h4 h6 7. h5 Bh7 8. d4
e6 9. Ne5 Nd7 10. Bf4 Ngf6 11. Nc4 Nb6 12. c3 Nxc4 13. Bxc4 Bd6 14. Bxd6 Qxd6
15. Qe2 O-O 16. Kf1 b5 17. Bd3 Bxd3 18. Qxd3 Qd5 19. Rh4 Qc4 20. Qxc4 bxc4 21.
Ne4 Nxe4 22. Rxe4 Rab8 23. Rb1 Rfd8 24. Ke2 Rd5 25. Re5 1/2-1/2

[Event "South Island Championships"]
[Site "Dunedin NZL"]
[Date "2012.10.13"]
[Round "7.9"]
[White "Roberts, Michael H"]
[Black "Duffield, Terence"]
[Result "0-1"]
[WhiteElo "1836"]
[BlackElo "1668"]
[PlyCount "54"]
[EventDate "2012.10.14"]

1. d4 Nf6 2. c4 d6 3. Nc3 g6 4. e4 Bg7 5. Nf3 O-O 6. Be2 Nbd7 7. O-O c5 8. d5
a6 9. Rb1 Ng4 10. Ne1 Nh6 11. Be3 f6 12. Nd3 Re8 13. Qd2 Nf7 14. Bg4 Nf8 15.
Bxc8 Qxc8 16. b4 cxb4 17. Rxb4 Nd7 18. f4 a5 19. Ra4 Nc5 20. Nxc5 dxc5 21. Nb5
b6 22. Nc3 Nd6 23. Qd1 Qd7 24. Rf3 Rad8 25. Rg3 e6 26. dxe6 Qxe6 27. f5 Nxf5
0-1

[Event "South Island Championships"]
[Site "Dunedin NZL"]
[Date "2012.10.13"]
[Round "7.10"]
[White "Black, Ross"]
[Black "Nijman, Arie J"]
[Result "1-0"]
[WhiteElo "1821"]
[BlackElo "1820"]
[PlyCount "51"]
[EventDate "2012.10.14"]

1. e4 e5 2. Nc3 d6 3. Nf3 Nc6 4. Bc4 Bg4 5. d3 Nd4 6. Be3 Nxf3+ 7. gxf3 Bh5 8.
Qe2 c6 9. Qf1 Bxf3 10. Rg1 Bh5 11. Qh3 Bg6 12. O-O-O b5 13. Bb3 a5 14. Rxg6
fxg6 15. Bxg8 Qd7 16. Be6 Qb7 17. Rg1 a4 18. Rxg6 b4 19. Nb1 b3 20. cxb3 d5 21.
Rg2 axb3 22. a3 d4 23. Bd2 Ra7 24. Qh5+ g6 25. Qxe5 Bg7 26. Bd7+ 1-0

[Event "South Island Championships"]
[Site "Dunedin NZL"]
[Date "2012.10.13"]
[Round "7.11"]
[White "Jackson, L. Ross"]
[Black "Rains, Timothy"]
[Result "1-0"]
[WhiteElo "1974"]
[BlackElo "1731"]
[PlyCount "51"]
[EventDate "2012.10.14"]

1. d4 Nf6 2. c4 g6 3. Nc3 Bg7 4. e4 d6 5. f4 c6 6. Nf3 Bg4 7. Be2 Nbd7 8. e5
Ng8 9. Ng5 Bxe2 10. Qxe2 h6 11. Nge4 dxe5 12. dxe5 Qa5 13. b4 Qxb4 14. Rb1 Qa5
15. Bd2 Qa6 16. O-O Nb6 17. Rb4 O-O-O 18. Be3 Qa5 19. Rfb1 Nd7 20. Rxb7 c5 21.
R7b5 Qa6 22. Bxc5 h5 23. Bxe7 Nxe7 24. Nd6+ Kc7 25. Rb7+ Kc6 26. Qe4+ 1-0

[Event "South Island Championships"]
[Site "Dunedin NZL"]
[Date "2012.10.13"]
[Round "7.12"]
[White "Gold, Hamish R"]
[Black "Gloistein, Bruce"]
[Result "0-1"]
[WhiteElo "1816"]
[BlackElo "1690"]
[PlyCount "62"]
[EventDate "2012.10.14"]

1. d4 d5 2. e4 e6 3. Nc3 Be7 4. e5 c5 5. Nf3 a6 6. a4 Nd7 7. Be2 Nf8 8. O-O Ng6
9. Re1 Bd7 10. Bf1 Rc8 11. Ne2 cxd4 12. Nexd4 Bc5 13. c3 Bb6 14. Ng5 Nh6 15.
Bd3 O-O 16. h4 Nf5 17. Nxf5 exf5 18. Qh5 h6 19. Nf3 Ne7 20. Bxh6 Rc6 21. Bxg7
Kxg7 22. Ng5 Rh6 23. Qf3 Rxh4 24. e6 Rfh8 25. Kf1 Rh1+ 26. Ke2 Rxe1+ 27. Rxe1
fxe6 28. Qg3 Ng6 29. Kd2 Bc7 30. Qe3 e5 31. g3 Bb6 0-1

[Event "South Island Championships"]
[Site "Dunedin NZL"]
[Date "2012.10.13"]
[Round "7.13"]
[White "Brockway, Andrew"]
[Black "Clayton, Ben"]
[Result "1-0"]
[WhiteElo "1798"]
[BlackElo "1329"]
[PlyCount "84"]
[EventDate "2012.10.14"]

1. e4 e5 2. Nf3 Nc6 3. Bb5 a6 4. Bxc6 dxc6 5. O-O Bg4 6. h3 Bh5 7. g4 Bg6 8.
Nxe5 Qh4 9. Qf3 Bd6 10. Nxg6 hxg6 11. Kg2 O-O-O 12. Rh1 Bc5 13. d3 Nf6 14. Be3
Bxe3 15. fxe3 Rh7 16. Qg3 Rdh8 17. Qxh4 Rxh4 18. Nd2 Rd8 19. Nf3 Rhh8 20. Raf1
c5 21. Ne5 Rhf8 22. Rf2 Rde8 23. Nc4 Nxe4 24. dxe4 Rxe4 25. Nd2 Rxe3 26. Nf1
Re7 27. Ng3 b5 28. Rd1 Rd7 29. Rxd7 Kxd7 30. Ne4 Kc6 31. Nc3 f6 32. Re2 Rd8 33.
a3 a5 34. Kf2 b4 35. axb4 axb4 36. Na4 Kb5 37. b3 Rh8 38. Re3 Rd8 39. Ke2 Rd5
40. c4+ bxc3 41. Nxc3+ Kc6 42. Nxd5 Kxd5 1-0

[Event "South Island Championships"]
[Site "Dunedin NZL"]
[Date "2012.10.13"]
[Round "7.14"]
[White "Cooper, Nigel"]
[Black "Stevenson, Michael"]
[Result "1-0"]
[WhiteElo "1761"]
[BlackElo "1503"]
[PlyCount "71"]
[EventDate "2012.10.14"]

1. d4 Nf6 2. Bg5 e6 3. e4 Be7 4. e5 Nd5 5. Bxe7 Qxe7 6. c3 d6 7. Qg4 f6 8. Nf3
dxe5 9. dxe5 Nc6 10. exf6 Nxf6 11. Qa4 Bd7 12. Qb3 Qc5 13. Be2 O-O 14. O-O Qh5
15. Nd4 Nxd4 16. cxd4 Qxe2 17. Nc3 Qh5 18. Rae1 Qf7 19. Qxb7 Rab8 20. Qxc7 Rxb2
21. Qxa7 Ng4 22. f3 Nf6 23. Re2 Rbb8 24. Rb1 Ra8 25. Qc5 Qg6 26. Rc1 Qd3 27.
Rd1 Qa6 28. d5 Nxd5 29. Rxd5 exd5 30. Qxd5+ Rf7 31. Re7 Be8 32. Nb5 Rc8 33. Nd6
Rc1+ 34. Kf2 Rf1+ 35. Kg3 Kh8 36. Rxe8+ 1-0

[Event "South Island Championships"]
[Site "Dunedin NZL"]
[Date "2012.10.13"]
[Round "7.15"]
[White "Van Rooyen, Carlssen"]
[Black "Clarkson, Robert D"]
[Result "0-1"]
[WhiteElo "1180"]
[BlackElo "1573"]
[PlyCount "48"]
[EventDate "2012.10.14"]

1. d4 Nf6 2. Nc3 e6 3. Bg5 d5 4. e3 Be7 5. Nf3 Nbd7 6. Bd3 c5 7. dxc5 Bxc5 8.
O-O a6 9. e4 Qc7 10. exd5 e5 11. Re1 Bd6 12. Ne4 Nxe4 13. Bxe4 f6 14. Be3 O-O
15. b3 Nc5 16. Bxc5 Bxc5 17. c4 Bg4 18. h3 Bh5 19. Qd3 Bg6 20. Bxg6 hxg6 21.
Qxg6 Qb6 22. Re2 Bd4 23. Nxd4 Qxd4 24. Rd1 Qxd1+ 0-1

[Event "South Island Championships"]
[Site "Dunedin NZL"]
[Date "2012.10.13"]
[Round "8.1"]
[White "Smith, Robert W"]
[Black "Lane, Gary W"]
[Result "0-1"]
[WhiteElo "2214"]
[BlackElo "2391"]
[PlyCount "58"]
[EventDate "2012.10.14"]

1. d4 d5 2. c4 c6 3. cxd5 cxd5 4. Nc3 Nc6 5. Bf4 e5 6. Bxe5 Nxe5 7. dxe5 d4 8.
Qa4+ b5 9. Nxb5 Bd7 10. Qa6 Qb8 11. a4 Bb4+ 12. Kd1 Nh6 13. h3 O-O 14. Nf3 Rc8
15. Rc1 Bc5 16. g4 Be6 17. Bg2 Bd5 18. Rg1 Rc6 19. Qa5 Qb7 20. Ne1 Bxg2 21.
Rxg2 a6 22. Nd6 Qb3+ 23. Nc2 d3 24. exd3 Qxd3+ 25. Ke1 Bxd6 26. Rg3 Qe4+ 27.
Re3 Bb4+ 28. Qxb4 Qxb4+ 29. Nxb4 Rxc1+ 0-1

[Event "South Island Championships"]
[Site "Dunedin NZL"]
[Date "2012.10.13"]
[Round "8.2"]
[White "Koop, Thorben"]
[Black "Johansen, Darryl K"]
[Result "0-1"]
[WhiteElo "2165"]
[BlackElo "2446"]
[PlyCount "121"]
[EventDate "2012.10.14"]

1. e4 c5 2. Nc3 e6 3. f4 Nc6 4. Nf3 a6 5. a4 d5 6. d3 f5 7. exd5 exd5 8. g3 Nf6
9. Bg2 Bd6 10. O-O O-O 11. Re1 Re8 12. Rxe8+ Qxe8 13. Bd2 h6 14. Nb1 Be6 15.
Na3 Bf7 16. h3 Qd7 17. c3 Bc7 18. b4 Bd6 19. Nc2 Re8 20. Qf1 Qc7 21. Qf2 b6 22.
a5 Nd7 23. axb6 Qxb6 24. Bf1 Qb7 25. d4 c4 26. Ne3 Be6 27. Ne5 Nf6 28. Bg2 Bxe5
29. dxe5 Ne4 30. Bxe4 dxe4 31. g4 Ne7 32. Ra5 Rd8 33. Rc5 Qd7 34. Be1 fxg4 35.
hxg4 Bxg4 36. Rxc4 Bf3 37. Rd4 Qe8 38. Rxd8 Qxd8 39. Qd2 Qc8 40. Bh4 Nf5 41.
Nxf5 Qxf5 42. Qh2 e3 43. Qg3 Qb1+ 44. Qe1 Qc2 45. Qf1 Bd5 46. Be1 Qe4 47. Kh2
h5 48. c4 Bxc4 49. Qg2 Qxf4+ 50. Bg3 Qd4 51. Qc6 Kh7 52. Qf3 Qd2+ 53. Kg1 Qc1+
54. Kh2 Qc2+ 55. Kg1 Qg6 56. Kh2 e2 57. Qe3 Qf5 58. Qf2 Qg4 59. Qe3 Bd5 60.
Qd3+ Be4 61. Qd8 0-1